| 000 | 00681nam a22001577a 4500 | ||
|---|---|---|---|
| 003 | OSt | ||
| 005 | 20190123153945.0 | ||
| 008 | 190123b xxu||||| |||| 00| 0 eng d | ||
| 040 | _cRUA | ||
| 082 | _aAGR LIM 2017 B625 Or.1 | ||
| 100 |
_913431 _aLIM SATHYA លឹម សត្យា |
||
| 245 | _asurvey and indentification of important diseases on welsh onion (Allium fistulosum L.) ការសិក្សារនិងការកំណាត់អត្តសញ្ញណប្រភេទជំងឺសំខាន់ៗទៅលើដំណាំខ្ទឹមស្លឹក | ||
| 260 |
_aPhnom Penh _bRUA _c2017 |
||
| 300 |
_aix;24p _bill; _c29cm; |
||
| 942 |
_2ddc _cAGR |
||
| 999 |
_c17770 _d17770 |
||